Computer Networking: Principles, Protocols and Practice (Record no. 294745)
[ view plain ]
| 000 -LEADER | |
|---|---|
| fixed length control field | 00375nam a2200121Ia 4500 |
| 008 - FIXED-LENGTH DATA ELEMENTS--GENERAL INFORMATION | |
| fixed length control field | 160523s9999 xx 000 0 und d |
| 100 ## - MAIN ENTRY--PERSONAL NAME | |
| Personal name | Bonaventure, Olivier. |
| 245 ## - TITLE STATEMENT | |
| Title | Computer Networking: Principles, Protocols and Practice |
| 245 ## - TITLE STATEMENT | |
| Statement of responsibility, etc | Olivier Bonaventure. |
| 260 ## - PUBLICATION, DISTRIBUTION, ETC. (IMPRINT) | |
| Date of publication, distribution, etc | 2012 |
| 650 ## - SUBJECT ADDED ENTRY--TOPICAL TERM | |
| General subdivision | Information Technology. |
| 856 ## - ELECTRONIC LOCATION AND ACCESS | |
| Uniform Resource Identifier | <a href="http://cnp3book.info.ucl.ac.be/2nd/html/">http://cnp3book.info.ucl.ac.be/2nd/html/</a> |
| Withdrawn status | Lost status | Damaged status | Home library | Current library | Date acquired | Total Checkouts | Date last seen | Price effective from | Koha item type |
|---|---|---|---|---|---|---|---|---|---|
| College Library | College Library | 05/23/2016 | 05/23/2016 | 05/23/2016 | Curriculum - Based eBooks |